Constitución de los Estados Unidos de América anotada con la jurisprudencia
Guardat en:
| Format: | Llibre |
|---|---|
| Idioma: | espanyol |
| Publicat: |
Buenos Aires
Guillerno Kraft
1949
|
| Matèries: | |
| Etiquetes: |
Afegir etiqueta
Sense etiquetes, Sigues el primer a etiquetar aquest registre!
|
MARC
| LEADER | 00000nam a2200000 a 4500 | ||
|---|---|---|---|
| 001 | UCT9795 | ||
| 003 | CL-VaPUC | ||
| 008 | 970411e19490400AG |||||||||||||||||spa|d | ||
| 082 | 0 | 4 | |a 342.73 |b CON |2 21 |
| 245 | 1 | 0 | |a Constitución de los Estados Unidos de América anotada con la jurisprudencia |
| 300 | |a 2 v | ||
| 942 | |c BK | ||
| 945 | |d 19970411 00:00:00 |a paguirre | ||
| 260 | |a Buenos Aires |b Guillerno Kraft |c 1949 | ||
| 650 | 0 | |a Constituciones |9 255417 | |
| 650 | 0 | |a Derecho constitucional |9 222588 | |
| 650 | 0 | |a Federalismo |9 313886 | |
| 650 | 0 | |a Democracia |9 255256 | |
| 650 | 7 | |a SISTEMAS POLITICOS |2 CL-VaPUC |9 382828 | |
| 650 | 0 | |a Poder legislativo |9 258808 | |
| 650 | 0 | |a Parlamento |9 338611 | |
| 650 | 0 | |a Poder ejecutivo |9 255177 | |
| 650 | 7 | |a PRESIDENCIA |2 CL-VaPUC |9 341215 | |
| 650 | 0 | |a Poder judicial |9 254871 | |
| 650 | 0 | |a Corte suprema |9 370023 | |
| 650 | 0 | |a Tribunales |9 254872 | |
| 650 | 0 | |a Derechos civiles y políticos |9 338684 | |
| 650 | 0 | |a Jurisprudencia |9 255952 | |
| 651 | 0 | |a Estados Unidos |9 255178 | |
| 583 | |a last modification |c 19970411 00:00:00 |k Rodrigo Vera | ||
| 999 | |c 258174 |d 258172 | ||
| 952 | |0 0 |1 0 |4 0 |6 342_730000000000000_CON_1949 |7 0 |8 A |9 282066 |a BIBDER |b BIBDER |d 2019-11-19 |h v.1 |i 1830570 |o 342.73 CON 1949 |p 1830570 |r 2023-01-25 |w 2019-11-19 |y BK |k DER | ||
| 952 | |0 0 |1 0 |4 0 |6 342_730000000000000_CON_1949 |7 0 |8 A |9 282067 |a BIBDER |b BIBDER |d 2019-11-19 |h v.2 |i 1830589 |l 1 |m 4 |o 342.73 CON 1949 |p 1830589 |q 2025-12-31 |r 2020-02-27 |s 2020-02-27 |w 2019-11-19 |y BK |k DER | ||